000 00946nas a2200289 4500
001 BR2013005722
003 BR-BrBNA
005 20231205122659.0
007 ta
008 230509b bl.|||p| |||| 00| 00por d
040 _aBR-BrBNA
_bpor
_cBiblioteca Nacional de Agricultura
041 _a(Pt)
072 _aP33; P32
100 1 _aAlvarenga, C.C.
100 1 _aMello, C.R. de
100 1 _aMello, J.M. de
100 1 _aViola, M.R.
245 1 _aContinuidade espacial da condutividade hidráulica saturada do solo na bacia hidrográfica do Alto Rio Grande, MG
650 _aHIDROLOGIA
650 _aFÍSICA DO SOLO
650 _aMAPA
650 _aINFILTRAÇÃO
773 0 _tRevista Brasileira de Ciência do Solo (Brazil)
_xISSN 0100-0683
_g(Sep-Oct 2011), v. 35(5) p. 1745-1757
_wBR2013005722
856 4 0 _uhttp://www.scielo.br/pdf/rbcs/v35n5/a29v35n5.pdf
909 _a202311
_bLúcia
_c55
_dLúcia Elande
942 _2AGRIS
_n0
_cANA
999 _c229944
_d229944